<?xml version="1.0" encoding="UTF-8"?>
<collection xmlns="http://www.loc.gov/MARC21/slim">
 <record>
  <leader>     na                 </leader>
  <controlfield tag="001">INLIS000000000007111</controlfield>
  <controlfield tag="005">20251002083110</controlfield>
  <datafield tag="035" ind1=" " ind2=" ">
   <subfield code="a">0010-1025000031</subfield>
  </datafield>
  <controlfield tag="007">ta</controlfield>
  <controlfield tag="008">251002                |          | |  </controlfield>
  <datafield tag="082" ind1=" " ind2=" ">
   <subfield code="a">R 636.5</subfield>
  </datafield>
  <datafield tag="084" ind1=" " ind2=" ">
   <subfield code="a">R 636.5 SAN r</subfield>
  </datafield>
  <datafield tag="100" ind1="1" ind2=" ">
   <subfield code="a">Santosa, Fajar Sidiq</subfield>
  </datafield>
  <datafield tag="245" ind1="1" ind2=" ">
   <subfield code="a">Respons Peternak Terhadap Inovasi Sanitasi Ekstrak Daun Sirih Pada Kerabang Telur Itik Kalung di Desa Kedungsari, Kecamatan Bandongan, Kabupaten Magelang /</subfield>
   <subfield code="c">Fajar Sidiq Santosa</subfield>
  </datafield>
  <datafield tag="250" ind1=" " ind2=" ">
   <subfield code="a">Prodi PPKH</subfield>
  </datafield>
  <datafield tag="260" ind1=" " ind2=" ">
   <subfield code="a">Magelang :</subfield>
   <subfield code="b">Polbangtan Yogyakarta Magelang,</subfield>
   <subfield code="c">2025</subfield>
  </datafield>
  <datafield tag="300" ind1=" " ind2=" ">
   <subfield code="a">188 hlm :</subfield>
   <subfield code="b">illustrasi ;</subfield>
   <subfield code="c">30 cm</subfield>
  </datafield>
  <datafield tag="650" ind1=" " ind2="4">
   <subfield code="a">Peternakan Itik</subfield>
  </datafield>
  <datafield tag="650" ind1=" " ind2="4">
   <subfield code="a">Sirih (Piper betle L.)</subfield>
  </datafield>
  <datafield tag="520" ind1=" " ind2=" ">
   <subfield code="a">Penelitian ini dilaksanakan pada tanggal 10 April hingga 08 Juni 2025 di desa Kedungsari. Tujuan penelitian ini Untuk mengetahui efektivitas produk penyuluhan menggunakan Analisis EPIC model, Efektivitas Penyuluhan (EP) peternak, pengaruh karakteristik peternak (umur peternak, pengalaman beternak, dan jumlah ternak) terhadap respons peternak mengenai inovasi sanitasi ekstrak daun sirih pada kerabang telur Itik Kalung di desa Kedungsari, Kecamatan Bandongan, Kabupaten Magelang. . Sampel yang digunakan adalah peternak itik yang ada di desa Kedungsari sebanyak 31 orang sebagai responden yang ditentukan menggunakan teknik purposive sampling. Desain pengkajian yang digunakan yaitu One Shot Case Study-Post test. Variabel yang diamati diantaranya: 1. Efektifitas produk yang memuat dimensi empati, persuasi, dampak, dan komunikasi, 2.Efektifitas penyuluhan (EP),                                                                                                                                                    3. Respons peternak memuat aspek pengetahuan, sikap, dan keterampilan, 4. Karakteristik responden memuat umur, pengalaman beternak, dan jumlah ternak. Metode analisis deskriptif untuk mengetahui efektivitas produk penyuluhan menggunakan Analisis EPIC model, Efektivitas Penyuluhan (EP) peternak, respons, dan metode analisis regresi linier berganda untuk mengetahui pengaruh karakteristik peternak (umur peternak, pengalaman beternak, dan jumlah ternak) terhadap respons peternak mengenai inovasi sanitasi ekstrak daun sirih. Hasil analisis deskriptif efektivitas produk penyuluhan menggunakan analisis EPIC model, diketahui pada kategori sangat efektif (4,69). Hasil Efektivitas Penyuluhan (EP) respons peternak sebesar 86,5% (kategori sangat efektif). Respons peternak berada pada kategori sangat tinggi (2.394). Hasil analisis statistik menunjukkan bahwa variabel jumlah ternak berpengaruh sangat signifikan (P&lt;0,01) terhadap respons peternak. Sedangkan variable umur (X1) dan pengalaman beternak (X2) tidak berpengaruh signifikan (P&gt;0,05) terhadap respons peternak mengenai inovasi sanitasi ekstrak daun sirih pada kerabang telur Itik Kalung di desa Kedungsari, Kecamatan Bandongan, Kabupaten Magelang.</subfield>
  </datafield>
  <datafield tag="990" ind1=" " ind2=" ">
   <subfield code="a">1121/YoMa/TA/H/2025</subfield>
  </datafield>
 </record>
</collection>
